Самые густонаселённые районы Москвы - Statistics

General Stats
  • This quiz has been taken 74 times
  • The average score is 4 of 15
Answer Stats
Округ Человек/кв. км. Район % Correct
ЮАО 20536.11 Чертаново Северное
62%
ЮВАО 22830.81 Марьино
59%
САО 24704.5 Бибирево
40%
ВАО 22463.15 Новогиреево
37%
ЮАО 30513.93 Зябликово
29%
ВАО 29533.33 Новокосино
25%
САО 26949.87 Восточное Дегунино
22%
ЮЗАО 22848.99 Зюзино
22%
ЮАО 21334.15 Орехово-Борисово Южное
21%
ЮАЗО 21140.67 Коньково
19%
ЮЗАО 26324.25 Ломоносовский
13%
СВАО 23804.85 Бескудниковский
13%
САО 23069.61 Северное Медведково
11%
СВАО 22421.65 Южное Медведково
10%
САО 22248.15 Савёловский
5%
No matching quizzes found
Score Distribution
Percent of People with Each Score
Percentile by Number Answered
Your Score History
You have not taken this quiz